[Event "New Zealand Open Ch'p 2015"]
[Site "Devonport, Auckland"]
[Date "2015.01.07"]
[Round "7.29"]
[White "Milligan, Helen"]
[Black "Turner, Justin"]
[Result "1-0"]
[WhiteElo "1968"]
[BlackElo "1434"]
[PlyCount "95"]
[EventDate "2015.01.01"]
[EventType "swiss"]
[EventRounds "9"]
[SourceDate "2015.01.01"]

1. e4 c6 2. d4 d5 3. Nc3 dxe4 4. Nxe4 Bf5 5. Ng3 Bg6 6. h4 h6 7. h5 Bh7 8. Nf3
e6 9. Bd3 Bxd3 10. Qxd3 Nf6 11. Bd2 Be7 12. O-O-O O-O 13. Kb1 Nbd7 14. Ne4 Nxe4
15. Qxe4 Nf6 16. Qe2 b5 17. Ne5 Qd5 18. f3 a5 19. g4 Nh7 20. f4 b4 21. Rhe1
Rfb8 22. Qc4 Rc8 23. Rg1 f6 24. Qxd5 cxd5 25. Ng6 Kf7 26. Nxe7 Kxe7 27. Rde1
Rc4 28. c3 bxc3 29. Bxc3 Nf8 30. g5 hxg5 31. fxg5 f5 32. h6 g6 33. Kc2 Nh7 34.
Kd3 Ra6 35. Bd2 Kd7 36. Rc1 Rac6 37. b3 Rxc1 38. Rxc1 Ra6 39. Bf4 Rc6 40. Rxc6
Kxc6 41. Kc3 a4 42. bxa4 Kb6 43. Kb4 Nf8 44. a5+ Ka6 45. Kc5 Kxa5 46. Kd6 Kb4
47. Ke7 Nh7 48. Kf7 1-0

[Event "New Zealand Open Ch'p 2015"]
[Site "Devonport, Auckland"]
[Date "2015.01.07"]
[Round "7.30"]
[White "Gong, Daniel Hanwen"]
[Black "Schmitz, Manuela"]
[Result "1-0"]
[WhiteElo "1870"]
[BlackElo "1966"]
[PlyCount "49"]
[EventDate "2015.01.01"]
[EventType "swiss"]
[EventRounds "9"]
[SourceDate "2015.01.01"]

1. e4 e6 2. g3 d5 3. Nc3 Nc6 4. Bg2 Nf6 5. exd5 exd5 6. d4 Bg4 7. Nge2 Qd7 8.
Bg5 O-O-O 9. O-O Be7 10. Qd2 Bxe2 11. Qxe2 Nxd4 12. Qd1 Nc6 13. Bxf6 Bxf6 14.
Nxd5 Qf5 15. c4 Nb4 16. Qb3 Nxd5 17. cxd5 Rd6 18. Rac1 Re8 19. Qc4 Re7 20. Rfe1
Rxe1+ 21. Rxe1 Bd8 22. Qd4 Kb8 23. Qxg7 Rf6 24. f4 Qd3 25. Qxf6 1-0

[Event "New Zealand Open Ch'p 2015"]
[Site "Devonport, Auckland"]
[Date "2015.01.07"]
[Round "7.31"]
[White "Zhang, Leo"]
[Black "Hair, Philip I"]
[Result "1-0"]
[WhiteElo "1908"]
[BlackElo "1941"]
[PlyCount "139"]
[EventDate "2015.01.01"]
[EventType "swiss"]
[EventRounds "9"]
[SourceDate "2015.01.01"]

1. d4 e6 2. c4 f5 3. Nf3 Nf6 4. Nc3 Bb4 5. Qb3 Bxc3+ 6. Qxc3 Ne4 7. Qc2 b6 8.
g3 Bb7 9. Bg2 Nc6 10. O-O O-O 11. h4 Qf6 12. Rd1 d6 13. d5 Nb4 14. Qb3 Na6 15.
Ng5 Nac5 16. Qc2 h6 17. Nh3 a5 18. Kh2 Qf7 19. dxe6 Nxe6 20. Be3 N4c5 21. Bxb7
Nxb7 22. Rd5 Nbc5 23. Rad1 Kh8 24. Kg1 Kg8 25. Bxc5 Nxc5 26. e3 Rae8 27. Nf4
Ne6 28. Ne2 Kh8 29. a3 Kg8 30. b4 axb4 31. axb4 Ra8 32. Nc3 Kh8 33. Rb1 Qf6 34.
Kg2 Kg8 35. Rb2 Kh8 36. Rd3 Qf7 37. Ra2 Kg8 38. Nd5 Rxa2 39. Qxa2 g5 40. hxg5
hxg5 41. Qb1 g4 42. Rd1 Ng5 43. Rh1 Nh3 44. Qd3 Qg7 45. Rc1 Qb2 46. Qc2 Qg7 47.
Qc3 Ra8 48. Qc2 Ra1 49. Ne7+ Kh8 50. Nxf5 Rxc1 51. Qxc1 Qf8 52. Qc2 Qa8+ 53.
Kf1 Qh1+ 54. Ke2 Qf3+ 55. Ke1 Kg8 56. Nd4 Qf7 57. Qf5 Qxf5 58. Nxf5 Ng5 59.
Nh6+ Kg7 60. Nxg4 Nf3+ 61. Ke2 Ng1+ 62. Kd3 Nh3 63. f4 Kg6 64. Ke2 Kf5 65. Nh2
Ke4 66. Nf3 Kf5 67. Kf1 c5 68. bxc5 dxc5 69. Kg2 Nxf4+ 70. exf4 1-0

[Event "New Zealand Open Ch'p 2015"]
[Site "Devonport, Auckland"]
[Date "2015.01.07"]
[Round "7.32"]
[White "Mukkattu, Philip"]
[Black "James, Jack"]
[Result "1/2-1/2"]
[WhiteElo "1743"]
[BlackElo "1867"]
[PlyCount "227"]
[EventDate "2015.01.01"]
[EventType "swiss"]
[EventRounds "9"]
[SourceDate "2015.01.01"]

1. d4 d6 2. c4 Nd7 3. e4 e5 4. d5 g6 5. Nc3 Bg7 6. Nf3 Ne7 7. Bd3 O-O 8. O-O f5
9. exf5 gxf5 10. Ng5 Nf6 11. f4 e4 12. Be2 h6 13. Nh3 Qe8 14. Nb5 Qd8 15. Be3
a6 16. Nd4 Qe8 17. Rc1 c5 18. Ne6 Bxe6 19. dxe6 Nc8 20. g4 Qxe6 21. g5 Nh7 22.
gxh6 Bxh6 23. Rf2 b6 24. Rg2+ Bg7 25. Bh5 Ne7 26. Bd2 Kh8 27. Rxg7 Kxg7 28.
Bc3+ Kg8 29. Qe2 Ng6 30. Kh1 Ne5 31. Rg1+ Kh8 32. Rg6 Rf6 33. Rxf6 Qxf6 34.
fxe5 dxe5 35. Qe3 Kg8 36. Qg3+ Qg7 37. Qxg7+ Kxg7 38. Bxe5+ Kh6 39. Bf7 b5 40.
cxb5 axb5 41. a3 b4 42. axb4 cxb4 43. b3 Rd8 44. Kg2 Rd2+ 45. Kf1 e3 46. Bf4+
Kg7 47. Bc4 Kf6 48. Ke1 Rg2 49. Bd5 Rd2 50. Bc4 Rg2 51. Be2 Nf8 52. Bg3 Ne6 53.
Kf1 Rxe2 54. Kxe2 Nd4+ 55. Kxe3 Nxb3 56. Bd6 Na1 57. Kd3 b3 58. Bb4 Nc2 59.
Bc3+ Kg6 60. Bb2 Kh5 61. Kc3 Ne3 62. Bc1 Nf1 63. Nf4+ Kh4 64. h3 Ng3 65. Be3
Ne4+ 66. Kxb3 Kg3 67. Kc4 Ng5 68. Ne2+ Kxh3 69. Bxg5 Kg4 70. Bc1 Kf3 71. Kd3 f4
72. Nxf4 Kf2 73. Bd2 Kf1 74. Ke3 Kg1 75. Ke2 Kh2 76. Be1 Kh1 77. Kf2 Kh2 78.
Bd2 Kh1 79. Be3 Kh2 80. Bc5 Kh1 81. Bd6 Kh2 82. Be5 Kh1 83. Bf6 Kh2 84. Bh4 Kh1
85. Ne2 Kh2 86. Bg3+ Kh1 87. Bh4 Kh2 88. Kf3 Kh1 89. Be7 Kh2 90. Bd6+ Kh1 91.
Ng3+ Kh2 92. Nf1+ Kg1 93. Nh2 Kh1 94. Kg3 Kg1 95. Bc5+ Kh1 96. Bd6 Kg1 97. Nf3+
Kh1 98. Ne1 Kg1 99. Ng2 Kh1 100. Ne3 Kg1 101. Bb4 Kh1 102. Kf2 Kh2 103. Nf5 Kh3
104. Kf3 Kh2 105. Bd6+ Kg1 106. Ne3 Kh1 107. Bc5 Kh2 108. Ng2 Kh1 109. Nh4 Kh2
110. Bf2 Kh1 111. Be1 Kg1 112. Ke2 Kh2 113. Kf1 Kh1 114. Bc3 1/2-1/2

[Event "New Zealand Open Ch'p 2015"]
[Site "Devonport, Auckland"]
[Date "2015.01.07"]
[Round "7.33"]
[White "Opasiak, Dustin Tennessee"]
[Black "Holdo, Karl"]
[Result "1-0"]
[WhiteElo "1729"]
[BlackElo "1606"]
[PlyCount "107"]
[EventDate "2015.01.01"]
[EventType "swiss"]
[EventRounds "9"]
[SourceDate "2015.01.01"]

1. e4 c5 2. Nf3 d6 3. Bb5+ Bd7 4. a4 a6 5. Bxd7+ Nxd7 6. O-O g6 7. Nc3 Bg7 8.
d3 e6 9. Bf4 Ndf6 10. e5 dxe5 11. Bxe5 Nh6 12. Ne4 O-O 13. Nxc5 Qd5 14. d4 Nhg4
15. Nd3 Nxe5 16. dxe5 Ng4 17. Qe2 f5 18. h3 Nh6 19. Rfe1 Nf7 20. Nf4 Qd7 21.
Qc4 Rfe8 22. h4 Rac8 23. Qb3 Bh6 24. Nh3 Qe7 25. Rad1 Kh8 26. c3 Rg8 27. Nhg5
Rce8 28. Nxf7+ Qxf7 29. Rd6 g5 30. h5 g4 31. Nd4 g3 32. Rxe6 gxf2+ 33. Kxf2 Qg7
34. Qd5 Qg3+ 35. Kf1 Qd3+ 36. Re2 Rxe6 37. Qxe6 Qd1+ 38. Kf2 Bf8 39. h6 Rg6 40.
Qxf5 Bxh6 41. Qc8+ Rg8 42. Qxb7 Rf8+ 43. Nf3 Rg8 44. Qxa6 Qh1 45. Qf6+ Bg7 46.
Qh4 Qa1 47. e6 Qb1 48. e7 Qg6 49. Qe4 Qb6+ 50. Kf1 Re8 51. Qe6 Qxe6 52. Rxe6
Kg8 53. Ne5 h5 54. Nc6 1-0

[Event "New Zealand Open Ch'p 2015"]
[Site "Devonport, Auckland"]
[Date "2015.01.07"]
[Round "7.34"]
[White "Huang, Alex"]
[Black "Watharow, Sean"]
[Result "1/2-1/2"]
[WhiteElo "2035"]
[BlackElo "1876"]
[PlyCount "35"]
[EventDate "2015.01.01"]
[EventType "swiss"]
[EventRounds "9"]
[SourceDate "2015.01.01"]

1. e4 c5 2. Nf3 Nc6 3. Bb5 g6 4. O-O Bg7 5. Re1 Nd4 6. Bc4 e6 7. c3 b5 8. cxd4
bxc4 9. dxc5 Ba6 10. Qa4 Qc8 11. Na3 Qc6 12. Qa5 Rb8 13. Rb1 Ne7 14. b4 cxb3
15. Rxb3 Rxb3 16. axb3 Bd3 17. Qa4 Qxc5 18. Nc4 1/2-1/2

[Event "New Zealand Open Ch'p 2015"]
[Site "Devonport, Auckland"]
[Date "2015.01.07"]
[Round "7.35"]
[White "Forster, William F"]
[Black "Maris, Natalie A"]
[Result "1-0"]
[WhiteElo "1999"]
[BlackElo "1824"]
[PlyCount "95"]
[EventDate "2015.01.01"]
[EventType "swiss"]
[EventRounds "9"]
[SourceDate "2015.01.01"]

1. Nf3 Nf6 2. c4 c5 3. g3 Nc6 4. Bg2 e5 5. O-O d6 6. Nc3 Be7 7. d3 Be6 8. a3
O-O 9. Rb1 Rb8 10. b4 Qc8 11. Re1 Rd8 12. e3 b6 13. Qe2 Bh3 14. Bh1 h6 15. Rd1
Qg4 16. Rd2 e4 17. Ne1 Ne5 18. Qxg4 Bxg4 19. Nxe4 Nxe4 20. Bxe4 cxb4 21. axb4
b5 22. f4 Nd7 23. Ra2 bxc4 24. dxc4 Nf6 25. Bd3 Rd7 26. Kf2 Bh3 27. Nf3 Rdb7
28. Rab2 d5 29. c5 Ne4+ 30. Bxe4 dxe4 31. Nd4 Bf6 32. b5 g5 33. Bd2 gxf4 34.
gxf4 Kh7 35. Ke1 Bg4 36. Ba5 Rg8 37. Rg2 Bh4+ 38. Kd2 Rd7 39. Rbg1 h5 40. h3 f5
41. hxg4 Bf6 42. gxf5 Rxg2+ 43. Rxg2 h4 44. c6 Rd5 45. c7 Rc5 46. Nc6 Rxb5 47.
Bb4 Rxf5 48. c8=Q 1-0

[Event "New Zealand Open Ch'p 2015"]
[Site "Devonport, Auckland"]
[Date "2015.01.07"]
[Round "7.36"]
[White "Power, P Wayne"]
[Black "Taylor, Richard"]
[Result "1/2-1/2"]
[WhiteElo "1926"]
[BlackElo "1871"]
[PlyCount "87"]
[EventDate "2015.01.01"]
[EventType "swiss"]
[EventRounds "9"]
[SourceDate "2015.01.01"]

1. d4 Nf6 2. c4 e6 3. Nc3 Bb4 4. e3 b6 5. Bd3 Bb7 6. f3 d5 7. Bd2 O-O 8. Nge2
Re8 9. O-O Bd6 10. e4 dxe4 11. fxe4 e5 12. Kh1 Nbd7 13. Bg5 Be7 14. Bxf6 Bxf6
15. d5 Bh4 16. Ng1 g6 17. Qf3 Rf8 18. Qh3 Bf6 19. Nf3 Nc5 20. Bc2 a5 21. b3 Qe7
22. Rad1 Bg7 23. Qg3 Na6 24. Nb5 c6 25. dxc6 Bxc6 26. Nc3 Rad8 27. Nd5 Bxd5 28.
cxd5 Nc5 29. Rd2 Nb7 30. Qf2 Qc5 31. Qxc5 Nxc5 32. Re2 Nb7 33. Bd3 Nd6 34. Ba6
Ra8 35. Bd3 Rfc8 36. Rc2 Rxc2 37. Bxc2 Rc8 38. Bb1 b5 39. Kg1 f5 40. exf5 gxf5
41. Nh4 e4 42. g3 Rf8 43. Rc1 e3 44. Nf3 1/2-1/2

[Event "New Zealand Open Ch'p 2015"]
[Site "Devonport, Auckland"]
[Date "2015.01.07"]
[Round "7.37"]
[White "Laughland, Alexander"]
[Black "Aldridge, Alan L"]
[Result "0-1"]
[WhiteElo "1873"]
[BlackElo "1890"]
[PlyCount "92"]
[EventDate "2015.01.01"]
[EventType "swiss"]
[EventRounds "9"]
[SourceDate "2015.01.01"]

1. e4 e5 2. Nf3 Nc6 3. Bb5 a6 4. Ba4 Nf6 5. O-O Be7 6. Re1 b5 7. Bb3 O-O 8. c3
d6 9. h3 Na5 10. Bc2 c5 11. d4 Qc7 12. d5 Bd7 13. Nbd2 Rfc8 14. b3 Bf8 15. Nf1
g6 16. Be3 Bg7 17. Qd2 Nb7 18. Bg5 a5 19. N3h2 c4 20. bxc4 Qxc4 21. Ne3 Qxc3
22. Qe2 Qc7 23. Qf3 Ne8 24. Rac1 Qb6 25. Neg4 Bxg4 26. Nxg4 Nc5 27. Nh6+ Bxh6
28. Bxh6 Qd8 29. Qg3 Ra7 30. h4 Rac7 31. Bb1 Nd7 32. h5 Ng7 33. hxg6 hxg6 34.
Rcd1 b4 35. Rd3 Rc3 36. Bd2 Rxd3 37. Bxd3 Nh5 38. Qh2 Qf6 39. Qh3 Rc7 40. Bb5
Qe7 41. Rc1 Ndf6 42. Rxc7 Qxc7 43. Qe3 Qc2 44. Bd3 Qxa2 45. Qh6 Qa1+ 46. Kh2
Ng4+ 0-1

[Event "New Zealand Open Ch'p 2015"]
[Site "Devonport, Auckland"]
[Date "2015.01.07"]
[Round "7.38"]
[White "Hielscher, Ursula"]
[Black "Shaw, Robin A"]
[Result "1/2-1/2"]
[WhiteElo "1845"]
[BlackElo "1813"]
[PlyCount "101"]
[EventDate "2015.01.01"]
[EventType "swiss"]
[EventRounds "9"]
[SourceDate "2015.01.01"]

1. d4 Nf6 2. c4 c5 3. d5 d6 4. Nc3 e5 5. dxe6 Bxe6 6. e4 Nc6 7. Bf4 Be7 8. h3
a6 9. Nf3 O-O 10. Be2 Qc7 11. O-O Rac8 12. Nd5 Bxd5 13. exd5 Nb8 14. Re1 Rfe8
15. Bd3 Nbd7 16. Qc2 Nf8 17. Re2 Ng6 18. Bxg6 hxg6 19. Rae1 Bf8 20. Rxe8 Rxe8
21. Rxe8 Nxe8 22. Bg5 Nf6 23. Bxf6 gxf6 24. Nd2 Qe7 25. Qe4 Qxe4 26. Nxe4 Kg7
27. a4 Be7 28. Kf1 f5 29. Nd2 Bf6 30. b3 Bc3 31. Nf3 Bf6 32. Ke2 Kf8 33. Ke3 g5
34. g4 fxg4 35. hxg4 Kg7 36. Ke4 Kg6 37. Ne1 Bd4 38. Nd3 Kf6 39. f3 Bc3 40. Nc1
Bb2 41. Ne2 Be5 42. Nc1 Bb2 43. Nd3 Bc3 44. f4 gxf4 45. Kxf4 Bd2+ 46. Kf3 Kg5
47. Nf2 f5 48. gxf5 Kxf5 49. Ne4 Bf4 50. Nc3 Bg5 51. Ne4 1/2-1/2

[Event "New Zealand Open Ch'p 2015"]
[Site "Devonport, Auckland"]
[Date "2015.01.07"]
[Round "7.39"]
[White "Burke, Matthew WP"]
[Black "Fairley, Natasha"]
[Result "1-0"]
[WhiteElo "1833"]
[BlackElo "1796"]
[PlyCount "91"]
[EventDate "2015.01.01"]
[EventType "swiss"]
[EventRounds "9"]
[SourceDate "2015.01.01"]

1. d4 d5 2. c4 c6 3. Nc3 Nf6 4. e3 a6 5. Qc2 g6 6. Bd3 Bg7 7. Nf3 O-O 8. O-O
Bg4 9. Ne5 Qc8 10. Nxg4 Qxg4 11. cxd5 cxd5 12. Qb3 Qd7 13. Na4 Ra7 14. Nb6 Qc6
15. Bd2 Nbd7 16. Ba5 Nxb6 17. Bxb6 Raa8 18. Rac1 Qe6 19. Rc7 Rfb8 20. Bc5 b5
21. Rxe7 Qc8 22. Ra7 Bf8 23. Rxa8 Rxa8 24. Qa3 Qc6 25. b4 Rc8 26. Qb3 Nd7 27.
Bxf8 Kxf8 28. Rd1 Nb6 29. Kf1 Nc4 30. Bxc4 bxc4 31. Qc2 Qd6 32. Qa4 c3 33. g3
c2 34. Rc1 Qc7 35. Qb3 Qc6 36. Ke1 g5 37. f3 f6 38. Kd2 Qb5 39. a4 Qb7 40. Rxc2
Rxc2+ 41. Kxc2 Qc6+ 42. Kd2 Ke7 43. b5 axb5 44. Qb4+ Ke6 45. Qxb5 Qd6 46. Qe8+
1-0

[Event "New Zealand Open Ch'p 2015"]
[Site "Devonport, Auckland"]
[Date "2015.01.07"]
[Round "7.40"]
[White "Lyall, Simon"]
[Black "Cooper, Nigel M"]
[Result "0-1"]
[WhiteElo "1786"]
[BlackElo "1714"]
[PlyCount "88"]
[EventDate "2015.01.01"]
[EventType "swiss"]
[EventRounds "9"]
[SourceDate "2015.01.01"]

1. e4 e5 2. Nf3 Nc6 3. d4 exd4 4. Nxd4 Bc5 5. c3 Nf6 6. Nxc6 bxc6 7. Bd3 h6 8.
O-O O-O 9. e5 Nh7 10. Qg4 d6 11. Qg3 dxe5 12. Bxh6 Qf6 13. Bc1 Bf5 14. Bxf5
Qxf5 15. Nd2 Nf6 16. Nf3 Bd6 17. Nh4 Qh7 18. Qh3 Rfe8 19. g3 g6 20. Bg5 Kg7 21.
Rae1 Qh5 22. Nf5+ gxf5 23. Bxf6+ Kg6 24. Qxh5+ Kxh5 25. h4 Re6 26. Bg5 a5 27.
Kh2 a4 28. Re2 Rae8 29. Bc1 c5 30. c4 Rb8 31. Re3 f4 32. g4+ Kxh4 33. Rh3+ Kxg4
34. Rg1+ Kf5 35. Rh5+ Ke4 36. Rd1 Rb4 37. Kg2 Rg6+ 38. Kf1 Rxc4 39. Ke2 Rc2+
40. Bd2 Rxb2 41. f3+ Kd4 42. Ke1 Rg1+ 43. Ke2 Rxd1 44. Kxd1 Kd3 0-1

[Event "New Zealand Open Ch'p 2015"]
[Site "Devonport, Auckland"]
[Date "2015.01.07"]
[Round "7.41"]
[White "Rossiter, Philip E"]
[Black "Brockway, Andrew"]
[Result "1-0"]
[WhiteElo "1775"]
[BlackElo "1727"]
[PlyCount "55"]
[EventDate "2015.01.01"]
[EventType "swiss"]
[EventRounds "9"]
[SourceDate "2015.01.01"]

1. d4 Nf6 2. c4 e6 3. Nf3 Bb4+ 4. Nbd2 O-O 5. a3 Bxd2+ 6. Qxd2 b6 7. e3 Bb7 8.
Be2 d6 9. O-O Nbd7 10. b4 Ne4 11. Qc2 f5 12. Bb2 Qe7 13. Rad1 Ng5 14. Nxg5 Qxg5
15. d5 e5 16. f4 Qg6 17. Rf3 Rf6 18. c5 bxc5 19. bxc5 c6 20. Rg3 Qe8 21. dxc6
Bxc6 22. Rxd6 Be4 23. Qc4+ Kh8 24. Rxf6 gxf6 25. fxe5 fxe5 26. c6 Nb6 27. Qc5
Bd5 28. Qd6 1-0

[Event "New Zealand Open Ch'p 2015"]
[Site "Devonport, Auckland"]
[Date "2015.01.07"]
[Round "7.42"]
[White "Shen, Terry"]
[Black "Smith, Vivian J"]
[Result "0-1"]
[WhiteElo "1722"]
[BlackElo "1762"]
[PlyCount "90"]
[EventDate "2015.01.01"]
[EventType "swiss"]
[EventRounds "9"]
[SourceDate "2015.01.01"]

1. d4 Nf6 2. c4 c5 3. d5 b5 4. cxb5 a6 5. bxa6 Bxa6 6. Nc3 d6 7. Nf3 g6 8. e4
Bxf1 9. Rxf1 Nbd7 10. Qc2 Bg7 11. h3 O-O 12. Be3 Qa5 13. Nd2 Nb6 14. f3 Rfb8
15. Kf2 Nfd7 16. f4 e6 17. dxe6 fxe6 18. Qd3 Bf8 19. Nb5 c4 20. b4 Qxb5 21. Qe2
Bg7 22. Rac1 Rxa2 23. Qg4 Re8 24. Kg1 Nf6 25. Qf3 Rb2 26. Kh1 d5 27. e5 Nfd7
28. g4 Rf8 29. Qg3 Na4 30. Nf3 Qxb4 31. Nd4 Qe7 32. Nc6 Qe8 33. Bd4 Rb3 34. Qh4
Ndc5 35. f5 Qxc6 36. f6 Qb7 37. fxg7 Qxg7 38. Rf6 Rxf6 39. exf6 Qf7 40. Rf1 Ne4
41. Kh2 c3 42. Qe1 h6 43. Qd1 Rb2+ 44. Kg1 c2 45. Qd3 Rb1 0-1

[Event "New Zealand Open Ch'p 2015"]
[Site "Devonport, Auckland"]
[Date "2015.01.07"]
[Round "7.43"]
[White "Zhang, Jasmine"]
[Black "Brockman, Roland"]
[Result "1/2-1/2"]
[WhiteElo "1594"]
[BlackElo "1652"]
[PlyCount "84"]
[EventDate "2015.01.01"]
[EventType "swiss"]
[EventRounds "9"]
[SourceDate "2015.01.01"]

1. d4 d5 2. c4 e6 3. Nc3 Be7 4. Bf4 Nf6 5. e3 O-O 6. a3 c5 7. Nf3 Nc6 8. dxc5
Bxc5 9. cxd5 Nxd5 10. Nxd5 exd5 11. Bd3 Bb6 12. O-O d4 13. e4 Bg4 14. Be2 Qf6
15. Bg3 Rfe8 16. e5 Qd8 17. Nxd4 Bxe2 18. Nxe2 Nxe5 19. Nc3 Nc6 20. Qb3 Nd4 21.
Qa4 Ne2+ 22. Nxe2 Rxe2 23. Qb3 Qf6 24. Rab1 h6 25. Rfd1 Bxf2+ 26. Kh1 Bxg3 27.
hxg3 Qf2 28. Qxb7 Rae8 29. Rf1 Qxg3 30. Qxf7+ Kh8 31. Qf3 Qxf3 32. Rxf3 Rc8 33.
b4 Rcc2 34. Rg3 Kh7 35. Rbb3 Rc1+ 36. Kh2 Ree1 37. Rh3 Rh1+ 38. Kg3 Rhg1 39.
Kf2 Rgf1+ 40. Kg3 Rg1 41. Kf2 Rgf1+ 42. Kg3 Rg1 1/2-1/2

[Event "New Zealand Open Ch'p 2015"]
[Site "Devonport, Auckland"]
[Date "2015.01.07"]
[Round "7.44"]
[White "Holdaway, Steven"]
[Black "Williams, Doug"]
[Result "0-1"]
[WhiteElo "1387"]
[BlackElo "1754"]
[PlyCount "78"]
[EventDate "2015.01.01"]
[EventType "swiss"]
[EventRounds "9"]
[SourceDate "2015.01.01"]

1. Nf3 Nc6 2. e4 e5 3. d3 Nf6 4. g3 d5 5. exd5 Nxd5 6. Bg2 h6 7. O-O Be6 8. Re1
f6 9. Nh4 Nde7 10. Nc3 Qd7 11. Ne4 b6 12. Qh5+ Bf7 13. Qf3 Bd5 14. Nxf6+ gxf6
15. Qxf6 Rg8 16. Bxh6 Bxh6 17. Qxh6 Bxg2 18. Qh5+ Kd8 19. Nxg2 Qd6 20. Qf3 Rb8
21. Re4 Nd4 22. Qf7 Kd7 23. Qc4 Nf3+ 24. Kh1 Nd2 25. Qb5+ c6 26. Qxe5 Nxe4 27.
Qxe4 Rbe8 28. Re1 Qc5 29. Qa4 a5 30. Re4 Qxf2 31. Qd4+ Qxd4 32. Rxd4+ Kc7 33.
Nf4 Nf5 34. Rc4 Re1+ 35. Kg2 Ne3+ 36. Kf3 Nxc4 37. dxc4 Rf1+ 38. Ke4 Rf2 39. h4
Rxg3 0-1

[Event "New Zealand Open Ch'p 2015"]
[Site "Devonport, Auckland"]
[Date "2015.01.07"]
[Round "7.45"]
[White "Nicholls, Leighton"]
[Black "Meng, Richard"]
[Result "1-0"]
[WhiteElo "1757"]
[BlackElo "1106"]
[PlyCount "51"]
[EventDate "2015.01.01"]
[EventType "swiss"]
[EventRounds "9"]
[SourceDate "2015.01.01"]

1. e4 e5 2. Nf3 Nc6 3. Bb5 Nf6 4. d3 a6 5. Ba4 b5 6. Bb3 Bc5 7. c3 b4 8. O-O
Ng4 9. Bxf7+ Kxf7 10. Ng5+ Ke8 11. Qxg4 d6 12. Ne6 Bxe6 13. Qxe6+ Qe7 14. Qg4
h5 15. Qf5 h4 16. Be3 Ba7 17. Nd2 Qf6 18. Qg4 Qf7 19. Bxa7 Nxa7 20. f4 bxc3 21.
bxc3 exf4 22. Rxf4 Qd7 23. Qg6+ Kd8 24. Rf7 Qe8 25. Qxg7 Rc8 26. Qf6+ 1-0

[Event "New Zealand Open Ch'p 2015"]
[Site "Devonport, Auckland"]
[Date "2015.01.07"]
[Round "7.47"]
[White "Pakenham, John"]
[Black "Steadman, Mathew"]
[Result "1-0"]
[WhiteElo "1704"]
[BlackElo "1103"]
[PlyCount "70"]
[EventDate "2015.01.01"]
[EventType "swiss"]
[EventRounds "9"]
[SourceDate "2015.01.01"]

1. e4 d6 2. d4 Nf6 3. Bd3 c6 4. f4 Qc7 5. Nf3 Nbd7 6. O-O e5 7. c3 Be7 8. fxe5
dxe5 9. Nbd2 O-O 10. Nc4 Bd6 11. Bg5 b5 12. Nxd6 Qxd6 13. Bxf6 gxf6 14. Qe1 Kh8
15. Rd1 Qe6 16. Bb1 Bb7 17. h3 Rg8 18. Kh2 Rg7 19. Rd2 Rag8 20. Nh4 exd4 21.
cxd4 Qd6+ 22. Kh1 Qg3 23. Qxg3 Rxg3 24. Nf5 R3g5 25. Nd6 Ba8 26. Nxf7+ Kg7 27.
Nxg5 fxg5 28. Rf5 Kh6 29. Kh2 g4 30. hxg4 Rxg4 31. Kh3 Rg6 32. e5 Kg7 33. Rdf2
Nb6 34. Rf7+ Kh6 35. Bxg6 Kxg6 1-0

[Event "New Zealand Open Ch'p 2015"]
[Site "Devonport, Auckland"]
[Date "2015.01.07"]
[Round "7.48"]
[White "Nylund, Timothy"]
[Black "Maris, Fred A"]
[Result "0-1"]
[WhiteElo "1405"]
[BlackElo "1519"]
[PlyCount "72"]
[EventDate "2015.01.01"]
[EventType "swiss"]
[EventRounds "9"]
[SourceDate "2015.01.01"]

1. d4 d5 2. c4 c6 3. Nf3 Nf6 4. g3 e6 5. Bg2 Bd6 6. O-O dxc4 7. e4 Nxe4 8. Ne5
Bxe5 9. dxe5 Qxd1 10. Rxd1 Nc5 11. Na3 Nd3 12. f4 Nxc1 13. Raxc1 Nd7 14. Nxc4
Nb6 15. Nd6+ Ke7 16. Ne4 Nd5 17. Rd3 Bd7 18. Rcd1 b6 19. Nc3 Rhd8 20. Nxd5+
cxd5 21. f5 Rac8 22. Rc3 Rxc3 23. bxc3 Rc8 24. Rc1 Bb5 25. Kf2 d4 26. Rb1 dxc3
27. Rc1 exf5 28. Bh3 Bd3 29. Ke3 Be4 30. Kf4 g6 31. g4 fxg4 32. Bxg4 Rc4 33.
Kg5 h5 34. Be2 Rc5 35. Kf4 Bd5 36. Ke3 Bxa2 0-1

[Event "New Zealand Open Ch'p 2015"]
[Site "Devonport, Auckland"]
[Date "2015.01.07"]
[Round "7.49"]
[White "Li, Rodney Xiang Rei"]
[Black "Mallela, Raivath"]
[Result "1-0"]
[WhiteElo "1452"]
[BlackElo "1190"]
[PlyCount "67"]
[EventDate "2015.01.01"]
[EventType "swiss"]
[EventRounds "9"]
[SourceDate "2015.01.01"]

1. e4 c5 2. Nf3 e6 3. d4 cxd4 4. Nxd4 a6 5. Be3 Nf6 6. Nc3 Qc7 7. Be2 Bb4 8.
Qd3 Bxc3+ 9. bxc3 O-O 10. O-O d6 11. c4 Nbd7 12. f4 Nc5 13. Qa3 Ncxe4 14. Rad1
Bd7 15. Rf3 h6 16. Rdf1 e5 17. fxe5 dxe5 18. Nf5 Bxf5 19. Rxf5 Kh7 20. Bxh6
gxh6 21. Rxf6 Nxf6 22. Qd3+ e4 23. Qd4 Rad8 24. Qxf6 Qc5+ 25. Kh1 Qg5 26. Qf2
Rd2 27. h4 Qa5 28. Qe3 f5 29. g4 Rdd8 30. gxf5 Qe5 31. Bd3 Rde8 32. Qb6 Qg7 33.
Rg1 Qf6 34. Qxb7+ {and Black lost on time trying to bring his scoresheet up to
date,} 1-0

[Event "New Zealand Open Ch'p 2015"]
[Site "Devonport, Auckland"]
[Date "2015.01.07"]
[Round "7.51"]
[White "Wang, Aaron Ziwen"]
[Black "Nylund, Micah"]
[Result "1-0"]
[WhiteElo "1409"]
[BlackElo "1200"]
[PlyCount "47"]
[EventDate "2015.01.01"]
[EventType "swiss"]
[EventRounds "9"]
[SourceDate "2015.01.01"]

1. c4 e5 2. Nc3 Nf6 3. Nf3 d6 4. d4 Nc6 5. dxe5 Nxe5 6. Nxe5 dxe5 7. Qxd8+ Kxd8
8. Bg5 Be7 9. O-O-O+ Bd7 10. g3 c6 11. Bxf6 Bxf6 12. Bh3 Bg5+ 13. Kb1 g6 14.
Rxd7+ Ke8 15. Rxb7 Kf8 16. Rd1 Kg7 17. Rdd7 Kh6 18. Rxf7 Bd2 19. Ne4 Ba5 20.
Bg2 Rad8 21. g4 Bd2 22. h4 Bf4 23. g5+ Kh5 24. Bf3+ 1-0

[Event "New Zealand Open Ch'p 2015"]
[Site "Devonport, Auckland"]
[Date "2015.01.07"]
[Round "7.52"]
[White "Fan, Allen Chi Zhou"]
[Black "Ryu, Rosa"]
[Result "1-0"]
[WhiteElo "1816"]
[BlackElo "684"]
[PlyCount "59"]
[EventDate "2015.01.01"]
[EventType "swiss"]
[EventRounds "9"]
[SourceDate "2015.01.01"]

1. Nf3 Nf6 2. c4 c5 3. g3 d6 4. Bg2 Nc6 5. d4 cxd4 6. Nxd4 Ne5 7. Nc3 a6 8. f4
Ng6 9. e4 e5 10. Nf3 exf4 11. gxf4 h6 12. Qd4 Be7 13. f5 Nf8 14. Bd2 N8d7 15.
O-O-O O-O 16. Bf4 Nc5 17. b4 Ncd7 18. Bxd6 Re8 19. Bxe7 Qxe7 20. Nd5 Nxd5 21.
exd5 Qe2 22. Rhe1 Qxa2 23. Rxe8+ Kh7 24. Rd2 Qa4 25. Re7 Nf6 26. Rxf7 Qe8 27.
Qxf6 Qh8 28. Qg6+ Kg8 29. Re2 Qh7 30. Re8# 1-0

[Event "New Zealand Open Ch'p 2015"]
[Site "Devonport, Auckland"]
[Date "2015.01.07"]
[Round "7.53"]
[White "Picken, Oliver"]
[Black "McRae, John H"]
[Result "1-0"]
[WhiteElo "1505"]
[BlackElo "1133"]
[PlyCount "55"]
[EventDate "2015.01.01"]
[EventType "swiss"]
[EventRounds "9"]
[SourceDate "2015.01.01"]

1. e4 c5 2. Nf3 e6 3. d4 b6 4. c4 Be7 5. Bd3 cxd4 6. Nxd4 Nf6 7. Nc3 O-O 8. O-O
a6 9. Be3 e5 10. Nf5 Ne8 11. Nd5 Nc6 12. Bxb6 Qxb6 13. Nxb6 Rb8 14. Nd5 Bc5 15.
Qg4 g6 16. Ng3 Nd4 17. Ne2 d6 18. Ne7+ Kg7 19. Nxc8 Nf6 20. Qh3 Rfxc8 21. Nxd4
Bxd4 22. Rab1 Rc7 23. g4 Ng8 24. Kh1 Bxb2 25. f4 Rcb7 26. f5 g5 27. f6+ Kf8 28.
Qxh7 1-0